000 00798nam a2200253Ia 4500
003 OSt
005 20220923211150.0
006 a|||||r|||| 00| 0
007 ta
008 Pun
020 _a8187654074 (hbk)
_c240
024 _a281,877
037 _b804, 09/03/2014, H.K. Prakashan
_cTextual
040 _aARTS
_cARTS
_bPun
041 _2Pun
_aPun
082 _aO153,6NSAx, Q3
100 _aਸੰਧੂ, ਸਵੈਰਾਜ
_9156291
245 0 _aਥੋਹਰ ਦੇ ਫੁੱਲ
260 _aਦਿੱਲੀ
_b ਮਨਪ੍ਰੀਤ ਪ੍ਰਕਾFਨ
_c2013
300 _a111ਪੰ
_ccm.
650 _aਪੰਜਾਬੀ ਸਾਹਿਤ
942 _hO153,6NSAx, Q3
_cTEXL
_2CC
999 _c296217
_d296217